000
00240nam a2200097Ia 4500
008
240331s9999 xx 000 0 und d
082
_b
RAM
100
_a
Ramakrishna,H
245
0
_a
Sanctuary :
_b
a play in six scenes with a prologue
942
_c
L
999
_c
3159
_d
3159